Glycolysis/Gluconeogenesis Pathway - Statistics

General Stats
  • This quiz has been taken 276 times
  • The average score is 23 of 38
Answer Stats
% Correct
1 Glucose
97%
11 Glucose
97%
3 Fructose 6-Phosphate
86%
11 Fructose 6-Phosphate
86%
2 Glucose 6-Phosphate
86%
10 Glucose 6-Phosphate
86%
1 Hexokinase
77%
10 Pyruvate
77%
1 Pyruvate
77%
4 Fructose 1,6-Bisphosphate
72%
10 Fructose 1,6-Bisphosphate
72%
5 Glyceraldehyde 3-Phosphate
70%
7 Glyceraldehyde 3-Phosphate
70%
9 Glyceraldehyde 3-Phosphate
70%
9 Phosphoenolpyruvate
69%
3 Phosphoenolpyruvate
69%
8 2-Phosphoglycerate
64%
4 2-Phosphoglycerate
64%
7 3-Phosphoglycerate
64%
5 3-Phosphoglycerate
64%
5 Dihydroxyacetone Phosphate
58%
8 Dihydroxyacetone Phosphate
58%
6 1,3-Bisphosphoglycerate
57%
6 1,3-Bisphosphoglycerate
57%
4 Aldolase
54%
9 Enolase
53%
10 Pyruvate kinase
50%
2 Oxaloacetate
48%
5 Triose Phosphate Isomerase
43%
6 Glyceraldehyde 3-Phosphate Dehydrogenase
37%
3 Phosphofructokinase-1
37%
7 Phosphoglycerate Kinase
37%
8 Phosphoglycerate mutase
37%
1 Pyruvate carboxylase
37%
11 Glucose 6-Phosphatase
27%
2 Phosphohexose isomerase
25%
2 PEP carboxykinase
17%
9 Fructose 1,6-Bisphosphatase-1
11%
No matching quizzes found
Score Distribution
Percent of People with Each Score
Percentile by Number Answered
Your Score History
You have not taken this quiz